[Event "47th Sparkassen Open"]
[Site "Dortmund GER"]
[Date "2019.07.13"]
[Round "1.2"]
[White "Koellner, Aaron Noah"]
[Black "Kashlinskaya, Alina"]
[Result "0-1"]
[BlackTitle "IM"]
[WhiteElo "2044"]
[BlackElo "2492"]
[WhiteFideId "12993085"]
[BlackFideId "4198026"]
[EventDate "2019.07.13"]

1. d4 Nf6 2. Bg5 d5 3. e3 c5 4. c3 Nc6 5. Nd2 e6 6. f4 Be7 7. Bxf6 gxf6 8. Qh5
Qb6 9. Rb1 cxd4 10. exd4 e5 11. fxe5 fxe5 12. dxe5 Be6 13. Bd3 O-O-O 14. Qe2
Rhe8 15. Ngf3 f6 16. Kd1 fxe5 17. Nxe5 Nxe5 18. Qxe5 Bf6 19. Qf4 Rg8 20. Nf3
Rxg2 21. Re1 Bd7 22. Qe3 Bg4 23. Qf4 Qf2 24. Bf5+ Bxf5 25. Qxf5+ Rd7 26. Qd3 Re7
27. Rxe7 Bxe7 28. Rc1 Qxb2 29. Rb1 Qxa2 30. Qf5+ Kd8 31. Qd3 Qa4+ 32. Ke1 Bh4+
33. Nxh4 Qxh4+ 34. Kd1 Qg4+ 35. Kc1 Qf4+ 36. Kd1 Rg1+ 37. Kc2 Qf2+ 38. Kb3 Rxb1+
39. Qxb1 Qb6+ 0-1

[Event "47th Sparkassen Open"]
[Site "Dortmund GER"]
[Date "2019.07.13"]
[Round "1.3"]
[White "Hausrath, Daniel"]
[Black "Hourigan, Gerrit"]
[Result "1/2-1/2"]
[WhiteTitle "GM"]
[WhiteElo "2468"]
[BlackElo "2037"]
[WhiteFideId "4617495"]
[BlackFideId "16204174"]
[EventDate "2019.07.13"]

1. Nf3 c5 2. c4 Nc6 3. g3 g6 4. Bg2 Bg7 5. O-O e6 6. Nc3 Nge7 7. d4 cxd4 8. Nb5
O-O 9. Nbxd4 d5 10. cxd5 Nxd4 11. Nxd4 Nxd5 12. Nb3 b6 13. e4 Nb4 14. Qxd8 Rxd8
15. Bg5 Ba6 16. Rfd1 Rxd1+ 17. Rxd1 Bxb2 18. a4 Be5 1/2-1/2

[Event "47th Sparkassen Open"]
[Site "Dortmund GER"]
[Date "2019.07.13"]
[Round "1.4"]
[White "Wuebker, Paul-Luca"]
[Black "Jugelt, Tobias"]
[Result "0-1"]
[BlackTitle "IM"]
[WhiteElo "2009"]
[BlackElo "2403"]
[WhiteFideId "12939528"]
[BlackFideId "4626150"]
[EventDate "2019.07.13"]

1. d4 g6 2. c4 Bg7 3. Nc3 c5 4. d5 d6 5. e4 a6 6. a4 e5 7. Bd3 Ne7 8. Bd2 f5 9.
exf5 Nxf5 10. Bxf5 Bxf5 11. Nf3 h6 12. Qb3 O-O 13. O-O e4 14. Ne1 Nd7 15. Ne2
Qb6 16. Qa2 Qxb2 17. Qxb2 Bxb2 18. Rb1 Bg7 19. Rxb7 Ne5 20. Bc3 Rab8 21. Ra7 Rf7
22. Rxa6 Nxc4 23. Bxg7 Kxg7 24. Ng3 Bc8 25. Rc6 Bb7 26. Nxe4 Bxc6 27. dxc6 d5
28. Nxc5 Nd2 29. Ned3 Nxf1 30. Kxf1 Re7 31. g3 Rb6 32. Nf4 Rxc6 33. Nxd5 Re5 0-1

[Event "47th Sparkassen Open"]
[Site "Dortmund GER"]
[Date "2019.07.13"]
[Round "1.5"]
[White "Schuh, Dirk"]
[Black "Saizew, Valeri"]
[Result "0-1"]
[WhiteTitle "IM"]
[WhiteElo "2372"]
[BlackElo "2032"]
[WhiteFideId "4655311"]
[BlackFideId "12932361"]
[EventDate "2019.07.13"]

1. e4 e5 2. Nf3 Nc6 3. Nc3 Nf6 4. d4 exd4 5. Nxd4 Bb4 6. Nxc6 bxc6 7. Bd3 d5 8.
exd5 cxd5 9. O-O O-O 10. h3 h6 11. Qf3 c6 12. Bf4 Bd6 13. Rfe1 Rb8 14. b3 Be6
15. Na4 c5 16. Rad1 Bxf4 17. Qxf4 Qa5 18. Qd2 Qc7 19. Qe3 c4 20. Bf1 Rfc8 21.
Qd4 Qa5 22. Ra1 Rb4 23. Qd1 Rbb8 24. Re3 Nd7 25. c3 Nb6 26. Nxb6 Qxb6 27. Qd2 a5
28. Rg3 Kh8 29. Re1 cxb3 30. axb3 Qc5 31. Re5 Rxb3 32. Rh5 Qf8 33. Qd4 f6 34.
Re3 Bf7 35. Rh4 Qc5 36. Rxh6+ Kg8 37. Qg4 Rxc3 38. Re1 Qb4 39. f4 Rc1 40. Re2
Qd4+ 41. Kh2 R8c4 42. Rh4 Rxf1 0-1

[Event "47th Sparkassen Open"]
[Site "Dortmund GER"]
[Date "2019.07.13"]
[Round "1.6"]
[White "Zweschper, Erich"]
[Black "Schleining, Zoya"]
[Result "0-1"]
[BlackTitle "IM"]
[WhiteElo "2031"]
[BlackElo "2339"]
[WhiteFideId "4643119"]
[BlackFideId "4671660"]
[EventDate "2019.07.13"]

1. d4 Nf6 2. Bf4 c5 3. d5 d6 4. Nc3 g6 5. e4 Bg7 6. Be2 O-O 7. h4 b5 8. Bf3 b4
9. Nce2 h5 10. Qd2 Nbd7 11. Bh6 Bh8 12. g4 hxg4 13. Bg2 Nh5 14. c4 bxc3 15. Nxc3
Ne5 16. Nge2 Ba6 17. Ng3 Nxg3 18. fxg3 Rb8 19. Rb1 Nd3+ 20. Kd1 Qa5 21. Kc2 Nb4+
22. Kd1 Nxa2 23. Nxa2 Qxa2 24. Qc2 Rb4 25. b3 Rd4+ 26. Bd2 Qxc2+ 0-1

[Event "47th Sparkassen Open"]
[Site "Dortmund GER"]
[Date "2019.07.13"]
[Round "1.7"]
[White "Webb, Laurence E"]
[Black "Beckmann, David"]
[Result "1/2-1/2"]
[WhiteTitle "FM"]
[WhiteElo "2327"]
[BlackElo "2016"]
[WhiteFideId "402389"]
[BlackFideId "24664707"]
[EventDate "2019.07.13"]

1. d4 d5 2. c4 e6 3. Nc3 Nf6 4. cxd5 exd5 5. Bg5 Be7 6. e3 c6 7. Bd3 Nbd7 8. Nf3
Ne4 9. Bxe7 Qxe7 10. O-O Nxc3 11. bxc3 Nf8 12. Re1 Ne6 13. e4 dxe4 14. Bxe4 O-O
15. Ne5 Qc7 16. Qh5 g6 17. Qh6 Ng7 18. g3 Be6 19. Qf4 Nh5 20. Qh4 Qd8 21. Qxd8
Rfxd8 22. Rab1 Rab8 23. Rb2 Nf6 24. Bf3 Nd7 25. Nd3 Bc4 26. Nf4 Nb6 27. Kg2 Re8
28. Ra1 Re7 29. a4 Nd5 30. Nxd5 cxd5 31. a5 Rc8 32. Ra4 Rcc7 33. Rab4 Kg7 34. h4
f5 35. Rd2 Red7 36. Rd1 Kf6 37. Re1 Re7 38. Rbb1 Rxe1 39. Rxe1 Re7 40. Rxe7 Kxe7
41. Bd1 Bb5 42. Kf3 Kf6 43. Ke3 h6 44. f4 h5 45. Kd2 Ke6 46. Kc1 Kd6 47. Kb2 b6
48. axb6 axb6 49. Bb3 Bc6 50. Ka3 Bd7 51. Kb4 Be8 52. Bd1 Bc6 53. Be2 Kc7 54.
Ba6 Bd7 55. c4 dxc4 56. Kxc4 Kd6 57. Bb7 Bc6 58. Bc8 b5+ 59. Kd3 Kd5 60. Ba6 Kd6
61. Bc8 Bd5 1/2-1/2

[Event "47th Sparkassen Open"]
[Site "Dortmund GER"]
[Date "2019.07.13"]
[Round "1.8"]
[White "Biermann, Florian"]
[Black "Chittka, Julius"]
[Result "0-1"]
[WhiteElo "2016"]
[BlackElo "2319"]
[WhiteFideId "12970069"]
[BlackFideId "12954772"]
[EventDate "2019.07.13"]

1. c4 g6 2. g3 Bg7 3. Bg2 c5 4. Nc3 Nc6 5. a3 b6 6. e3 Bb7 7. Nge2 Qc8 8. d3 Nf6
9. O-O O-O 10. h3 e6 11. e4 d5 12. exd5 exd5 13. Bg5 dxc4 14. dxc4 Qf5 15. Qc1
Rfe8 16. g4 Qe5 17. Re1 Na5 18. Bxb7 Nxb7 19. Nb5 Ne4 20. Bf4 Qxb2 21. Qxb2 Bxb2
22. Ra2 Be5 23. Bxe5 Rxe5 24. Ng3 Nd2 25. Rxe5 Nf3+ 26. Kg2 Nxe5 27. Rc2 Na5 28.
Nd6 Rd8 29. Nge4 Kf8 30. f4 Nec6 31. Rd2 Nd4 32. f5 gxf5 33. Nxf5 Nxc4 34. Rf2
Nxf5 35. gxf5 Rd4 36. Ng5 h6 0-1

[Event "47th Sparkassen Open"]
[Site "Dortmund GER"]
[Date "2019.07.13"]
[Round "1.9"]
[White "Koellner, Ruben Gideon"]
[Black "Artola Pola, Gerardo"]
[Result "1/2-1/2"]
[WhiteElo "2315"]
[BlackElo "2031"]
[WhiteFideId "12993093"]
[BlackFideId "150878"]
[EventDate "2019.07.13"]

1. d4 Nf6 2. Bg5 c5 3. Bxf6 gxf6 4. d5 d6 5. c4 b5 6. cxb5 f5 7. Nc3 Bg7 8. e3
O-O 9. Nf3 a6 10. bxa6 Qb6 11. Qc2 Nxa6 12. Bc4 Nb4 13. Qe2 Ba6 14. O-O Bxc3 15.
bxc3 Nxd5 16. Qd3 Bxc4 17. Qxc4 e6 18. Qh4 f6 19. Qc4 Qa6 20. Qh4 Nxc3 21. h3
Qc6 22. Qc4 Nd5 23. a4 Rfb8 24. Nd4 Qd7 25. Nxf5 Rb4 26. Qd3 Rbxa4 27. Rxa4 Rxa4
28. Rb1 Rb4 29. Ra1 Ra4 30. Rb1 Rb4 31. Ra1 Ra4 32. Rb1 1/2-1/2

[Event "47th Sparkassen Open"]
[Site "Dortmund GER"]
[Date "2019.07.13"]
[Round "1.10"]
[White "Spickermann, Sven"]
[Black "Luft, Dennis"]
[Result "0-1"]
[WhiteElo "2008"]
[BlackElo "2294"]
[WhiteFideId "16248767"]
[BlackFideId "24623717"]
[EventDate "2019.07.13"]

1. e4 e5 2. Nf3 Nc6 3. Bc4 Bc5 4. c3 Nf6 5. d3 d6 6. O-O a6 7. a4 Ba7 8. Na3 Be6
9. Bxe6 fxe6 10. Nc4 O-O 11. Be3 Bxe3 12. fxe3 Qe8 13. Qe1 Qh5 14. h3 d5 15.
exd5 exd5 16. Ncd2 Rad8 17. d4 e4 18. Nh4 Qg5 19. Rf5 Qh6 20. Qg3 Nh5 21. Qg5
Qxg5 22. Rxg5 g6 23. Rf1 Rxf1+ 24. Nxf1 Ne7 25. Ng3 Ng7 26. Ne2 h6 27. Rxg6 Nxg6
28. Nxg6 Ne6 29. Nef4 Nxf4 30. exf4 a5 31. g4 Rd6 32. f5 Rb6 33. Ne7+ Kf7 34.
Nxd5 Rxb2 35. Nxc7 Ra2 36. d5 Rxa4 37. d6 Ra2 38. Nd5 Rd2 39. c4 a4 40. d7 Rxd5
41. cxd5 Ke7 42. f6+ Kxd7 0-1

[Event "47th Sparkassen Open"]
[Site "Dortmund GER"]
[Date "2019.07.13"]
[Round "1.11"]
[White "Wagner, Alexej"]
[Black "Schriewer, Thomas"]
[Result "1-0"]
[WhiteElo "2277"]
[BlackElo "2004"]
[WhiteFideId "4129555"]
[BlackFideId "24606049"]
[EventDate "2019.07.13"]

1. d4 Nf6 2. c4 e6 3. Nc3 Bb4 4. Qc2 d5 5. cxd5 exd5 6. Bg5 O-O 7. e3 h6 8. Bh4
b6 9. Nf3 Bb7 10. Bd3 Nbd7 11. O-O Be7 12. Rad1 Ne4 13. Nxd5 Bxh4 14. Bxe4 c6
15. Nb4 Rc8 16. Nxc6 Bxc6 17. Bxc6 Nb8 18. d5 Bf6 19. Qa4 Rc7 20. Nd4 a6 21. Qb4
b5 22. Rd2 Be7 23. Qa5 Qc8 24. Rfd1 Bd6 25. Rd3 Qg4 26. Qd2 h5 27. h3 Qe4 28.
Qe2 g6 29. Kf1 Rd8 30. f4 Kg7 31. Qf3 Qe7 32. e4 Qh4 33. e5 Bc5 34. R3d2 Bb4 35.
Rc2 Rdc8 36. Qf2 Qxf2+ 37. Kxf2 Nd7 38. Kf3 Ra7 39. Bxd7 Rxc2 40. Nxc2 1-0

[Event "47th Sparkassen Open"]
[Site "Dortmund GER"]
[Date "2019.07.13"]
[Round "1.12"]
[White "Stock, Tobias W"]
[Black "Quast, Marcel"]
[Result "0-1"]
[WhiteElo "2001"]
[BlackElo "2248"]
[WhiteFideId "407500"]
[BlackFideId "24663476"]
[EventDate "2019.07.13"]

1. d4 Nf6 2. c4 c5 3. d5 b5 4. Bg5 Ne4 5. Bf4 Qa5+ 6. Nd2 bxc4 7. f3 Nxd2 8.
Bxd2 Qc7 9. e4 e6 10. Bxc4 Bd6 11. Ne2 Bb7 12. f4 exd5 13. exd5 O-O 14. O-O Be7 0-1

[Event "47th Sparkassen Open"]
[Site "Dortmund GER"]
[Date "2019.07.13"]
[Round "1.13"]
[White "Bock, Juergen"]
[Black "Gula, Julian"]
[Result "1-0"]
[WhiteElo "2268"]
[BlackElo "1991"]
[WhiteFideId "4619129"]
[BlackFideId "12954799"]
[EventDate "2019.07.13"]

1. c4 Nf6 2. g3 e6 3. Bg2 a6 4. Nf3 b5 5. b3 Bb7 6. Na3 b4 7. Nc2 c5 8. O-O Be7
9. Bb2 O-O 10. d4 d6 11. d5 exd5 12. Nh4 Ne4 13. cxd5 Nc3 14. Bxc3 bxc3 15. Nf5
Bf6 16. e4 a5 17. f4 Na6 18. a3 c4 19. bxc4 Nc5 20. Qg4 Kh8 21. Rae1 Re8 22.
Nxd6 Qxd6 23. e5 Qb6 24. exf6 Ne4+ 25. Kh1 Nxf6 26. Qd1 Qc5 27. Qd4 Rac8 28.
Qxc5 Rxc5 29. Rxe8+ Nxe8 30. Ne3 Nd6 31. Rc1 Ba6 32. Rxc3 Bxc4 33. Kg1 Rc8 34.
Bh3 Rc7 35. Bf1 Re7 36. Bxc4 Nxc4 37. Rxc4 Rxe3 38. Rc8+ Re8 39. Rxe8# 1-0

[Event "47th Sparkassen Open"]
[Site "Dortmund GER"]
[Date "2019.07.13"]
[Round "1.14"]
[White "Koschetzki, Christian"]
[Black "Dorst, Johannes"]
[Result "0-1"]
[BlackTitle "FM"]
[WhiteElo "1987"]
[BlackElo "2234"]
[WhiteFideId "24691658"]
[BlackFideId "4650433"]
[EventDate "2019.07.13"]

1. c4 e5 2. Nf3 e4 3. Nd4 Nf6 4. e3 Nc6 5. Nxc6 dxc6 6. Be2 Bf5 7. Qb3 Rb8 8. h3
Bd6 9. d4 exd3 10. Bxd3 Bxd3 11. Qxd3 Bb4+ 12. Ke2 Qe7 13. Bd2 Bd6 14. Nc3 O-O
15. Qf5 Rfe8 16. Rhd1 Nd7 17. Be1 g6 18. Qc2 Qe5 19. Bd2 b5 20. cxb5 cxb5 21.
Qb3 b4 22. Na4 Qb5+ 23. Ke1 Ne5 24. Bc1 Bf8 25. Rd5 c5 26. f4 Nc4 27. Kf2 Re6
28. Qd3 Qxa4 29. Qxc4 Rbe8 30. b3 Qc6 31. Bd2 Re4 32. Qd3 c4 33. bxc4 Rxc4 34.
Rd8 Rxd8 35. Qxd8 Rc2 36. Kg3 Qd6 37. Qxd6 Bxd6 38. Be1 Bc5 39. Kf3 f5 40. g4
Kf7 41. gxf5 gxf5 42. e4 fxe4+ 43. Kxe4 Be7 44. Kf5 a5 45. Rd1 Rxa2 46. Rd7 Ke8
47. Rb7 Re2 0-1

[Event "47th Sparkassen Open"]
[Site "Dortmund GER"]
[Date "2019.07.13"]
[Round "1.15"]
[White "Michalczak, Thomas"]
[Black "Schroeder, Joerg"]
[Result "1-0"]
[WhiteTitle "FM"]
[WhiteElo "2239"]
[BlackElo "1985"]
[WhiteFideId "4622634"]
[BlackFideId "24635677"]
[EventDate "2019.07.13"]

1. e4 g6 2. d4 Bg7 3. Nc3 e6 4. f4 Ne7 5. Nf3 O-O 6. Bd3 d5 7. e5 b6 8. Qe2 c5
9. b3 cxd4 10. Nb5 Nbc6 11. Ba3 f6 12. O-O fxe5 13. Nxe5 Nxe5 14. fxe5 Rxf1+ 15.
Rxf1 Nf5 16. Bxf5 gxf5 17. Nxd4 Bd7 18. Bd6 Qh4 19. Nf3 Qe4 20. Qd2 f4 21. Re1
Qf5 22. Nd4 Qg4 23. h3 Qg5 24. Rf1 Bh6 25. Rf3 Rc8 26. a4 Qg6 27. a5 Qe4 28.
axb6 axb6 29. Qf2 Kh8 30. Kh2 Bg5 31. Rd3 Rg8 32. Nf3 Bh6 33. Be7 Bg7 34. Qh4
Qg6 35. Qxf4 Qe4 36. Qg3 h6 37. Rd4 Qxc2 38. Rg4 Qh7 39. Nh4 Re8 40. Rxg7 1-0

[Event "47th Sparkassen Open"]
[Site "Dortmund GER"]
[Date "2019.07.13"]
[Round "1.16"]
[White "Rohde, Patrick"]
[Black "Hartikainen, Markku"]
[Result "1/2-1/2"]
[BlackTitle "FM"]
[WhiteElo "1978"]
[BlackElo "2237"]
[WhiteFideId "12913626"]
[BlackFideId "501417"]
[EventDate "2019.07.13"]

1. e4 c5 2. Nf3 d6 3. d4 cxd4 4. Nxd4 Nf6 5. Nc3 g6 6. f3 Bg7 7. Be3 Nc6 8. Bc4
O-O 9. Qd2 Bd7 10. O-O-O Rc8 11. Bb3 Ne5 12. h4 h5 13. Kb1 Re8 14. Rdg1 Nc4 15.
Bxc4 Rxc4 16. g4 b5 17. Nde2 b4 18. Nd5 e6 19. Ndf4 hxg4 20. h5 g5 21. h6 Bh8
22. Nh5 Nxh5 23. Rxh5 f6 24. Rxg4 e5 25. Rg1 Kh7 26. Rd1 Qc7 27. Qxd6 Be6 28.
Qxc7+ Rxc7 29. Rd6 g4 30. fxg4 Bxg4 31. Rh2 f5 32. exf5 Bxf5 33. Ng3 Bg6 34.
Rhd2 Ree7 35. Bg5 Rf7 36. Be3 Rf3 37. Rd7+ Rxd7 38. Rxd7+ Kg8 39. Rd8+ Kf7 40.
Bc5 Bf6 41. Rf8+ Ke6 42. Ne2 Rh3 43. Rg8 Rh1+ 44. Nc1 Kf7 45. Rf8+ Ke6 46. Rb8
Kf7 1/2-1/2

[Event "47th Sparkassen Open"]
[Site "Dortmund GER"]
[Date "2019.07.13"]
[Round "1.17"]
[White "Stillger, Bernhard"]
[Black "Kracht, Raphael"]
[Result "1-0"]
[WhiteTitle "FM"]
[WhiteElo "2199"]
[BlackElo "2000"]
[WhiteFideId "4610768"]
[BlackFideId "16214382"]
[EventDate "2019.07.13"]

1. Nf3 c5 2. c4 Nc6 3. Nc3 g6 4. e3 Nf6 5. d4 cxd4 6. exd4 d5 7. cxd5 Nxd5 8.
Qb3 e6 9. Bb5 Nxc3 10. bxc3 Bd7 11. O-O Bg7 12. Ba3 Na5 13. Qa4 b6 14. d5 Bxb5
15. Qxb5+ Qd7 16. Qb4 O-O-O 17. dxe6 fxe6 18. Rfe1 Bf8 19. Qe4 Qd5 20. Bxf8 Qxe4
21. Rxe4 Rhxf8 22. Rxe6 Rfe8 23. Rxe8 Rxe8 24. Re1 Rxe1+ 25. Nxe1 Kd7 26. Kf1
Kd6 27. Ke2 Kd5 28. Kd3 Nc4 29. Nf3 h6 30. h3 b5 31. Nd4 Ne5+ 32. Ke3 Nc4+ 33.
Kd3 Ne5+ 34. Kc2 Kc4 35. Nb3 g5 36. Nd2+ Kd5 37. f3 a5 38. Ne4 Nc4 39. Kd3 Ne5+
40. Kd2 Nc4+ 41. Kd3 Ne5+ 42. Kd2 Nc4+ 43. Ke2 b4 44. Kd3 Ne5+ 45. Kc2 bxc3 46.
Kxc3 Ng6 47. Nf6+ Kc5 48. g3 Ne7 49. f4 gxf4 50. gxf4 Nf5 51. Ne4+ Kd5 52. Kd3
Ne7 53. Nc3+ Ke6 54. Ke4 Nf5 55. Nb5 Ng3+ 56. Kf3 Nf1 57. Nd4+ Kf6 58. Nb3 a4
59. Nc5 a3 60. Ne4+ Kf7 61. Nd6+ Ke6 62. Nc4 Kd5 63. Ne3+ Nxe3 64. Kxe3 h5 65.
h4 Kd6 66. Ke4 Ke6 67. f5+ Kf6 68. Kf4 Kf7 69. Kg5 Kg7 70. Kxh5 Kf6 71. Kg4 Kf7
72. h5 Kg7 73. Kf4 Kf6 74. h6 Kf7 75. Ke5 1-0

[Event "47th Sparkassen Open"]
[Site "Dortmund GER"]
[Date "2019.07.13"]
[Round "1.18"]
[White "Klueting, Reiner"]
[Black "Humburg, Philipp"]
[Result "0-1"]
[WhiteElo "1973"]
[BlackElo "2244"]
[WhiteFideId "4644760"]
[BlackFideId "24656151"]
[EventDate "2019.07.13"]

1. e4 c5 2. Nf3 e6 3. d4 cxd4 4. c3 d5 5. exd5 Qxd5 6. cxd4 Nf6 7. Nc3 Qd8 8.
Bc4 Be7 9. O-O O-O 10. Bf4 Nc6 11. a3 Bd7 12. Qe2 Rc8 13. Rad1 Na5 14. Ba2 Bxa3
15. bxa3 Rxc3 16. Bd2 Rc2 17. Bb1 Rb2 18. Qe1 Nc6 19. Bc3 Rb3 20. Ne5 Nd5 21.
Nxc6 Bxc6 22. Ba1 Qg5 23. Qe4 0-1

[Event "47th Sparkassen Open"]
[Site "Dortmund GER"]
[Date "2019.07.13"]
[Round "1.19"]
[White "Kartsev, Soel"]
[Black "Oltmanns, Jan"]
[Result "1-0"]
[WhiteElo "2217"]
[BlackElo "1970"]
[WhiteFideId "4130561"]
[BlackFideId "16251318"]
[EventDate "2019.07.13"]

1. e4 Nf6 2. e5 Nd5 3. d4 d6 4. c4 Nb6 5. f4 g6 6. Nc3 Bg7 7. Be3 Be6 8. Be2 O-O
9. d5 Bc8 10. Nf3 Bg4 11. O-O c6 12. e6 fxe6 13. Ng5 Bxe2 14. Qxe2 exd5 15. cxd5
Qd7 16. Ne6 Rf7 17. f5 Nxd5 18. Nxd5 cxd5 19. Nxg7 Rxg7 20. Bd4 gxf5 21. Bxg7
Kxg7 22. Qh5 e6 23. g4 Nc6 24. gxf5 e5 25. Rf3 Rf8 26. Raf1 Qf7 27. Rg3+ Kh8 28.
Qh6 Nd4 29. Qxd6 Ne2+ 30. Kg2 Nxg3 31. Qxe5+ Qf6 32. Qxf6+ Rxf6 33. Kxg3 Rc6 34.
Kf4 Kg7 35. Ke5 Rc2 36. Re1 Rxb2 37. Ke6 Kf8 38. Rc1 Rb6+ 39. Ke5 Rb2 40. Rc8+
Kf7 41. Rc7+ Kf8 42. Rxh7 Rxa2 43. Rxb7 Rxh2 44. Ke6 Re2+ 45. Kf6 Re8 46. Kg6
Re1 47. Rb8+ Ke7 48. f6+ Kd6 49. f7 Rg1+ 50. Kh5 Rf1 51. f8=Q+ Rxf8 52. Rxf8 a5
53. Kg4 Kc5 54. Kf3 a4 55. Ke3 Kc4 56. Rc8+ Kb3 57. Kd3 a3 58. Rb8+ Ka2 59. Kc2
d4 60. Rb3 1-0

[Event "47th Sparkassen Open"]
[Site "Dortmund GER"]
[Date "2019.07.13"]
[Round "1.20"]
[White "Henrotte, Nils"]
[Black "Heck, Norbert"]
[Result "1/2-1/2"]
[BlackTitle "FM"]
[WhiteElo "1969"]
[BlackElo "2211"]
[WhiteFideId "12923311"]
[BlackFideId "4622928"]
[EventDate "2019.07.13"]

1. e4 g6 2. d4 Bg7 3. Qd3 d6 4. Be3 Nf6 5. Nc3 O-O 6. Nf3 c6 7. Be2 b5 8. a3
Nbd7 9. O-O Qc7 10. Rab1 Bb7 11. Nd2 a6 12. Bf4 e5 13. dxe5 dxe5 14. Bg5 h6 15.
Bh4 Nc5 16. Qe3 Ne6 17. Nb3 c5 18. Bxf6 Bxf6 19. Nd5 Bxd5 20. exd5 Bg5 21. Qc3
Nd4 22. Rfe1 Rac8 23. Nxd4 exd4 24. Qd3 Rfe8 25. Bf3 Qf4 26. g3 Qd2 27. Qxd2
Bxd2 28. Red1 Ba5 29. Kf1 Kf8 30. h3 Ke7 31. Rbc1 Kd6 32. Ra1 Ra8 33. a4 Bb4 34.
Be2 Rab8 35. axb5 axb5 36. Ra2 Ra8 37. Rxa8 Rxa8 38. Bxb5 Ra2 39. Rb1 Kxd5 40.
Be8 Ra7 41. Bb5 Ra5 42. Be8 Ra7 43. Bb5 Rb7 44. Be2 Ra7 1/2-1/2

[Event "47th Sparkassen Open"]
[Site "Dortmund GER"]
[Date "2019.07.13"]
[Round "1.21"]
[White "Maes, Wim"]
[Black "Perkampus, Laurin"]
[Result "1-0"]
[WhiteTitle "FM"]
[WhiteElo "2185"]
[BlackElo "2009"]
[WhiteFideId "201073"]
[BlackFideId "16232283"]
[EventDate "2019.07.13"]

1. Nf3 c5 2. g3 g6 3. Bg2 Bg7 4. O-O Nc6 5. e4 d6 6. d3 Nf6 7. Re1 O-O 8. Nbd2
Bd7 9. c3 Ne8 10. Nf1 Nc7 11. Be3 Rc8 12. Qd2 b6 13. Bh6 d5 14. e5 d4 15. c4 Bg4
16. Bxg7 Kxg7 17. h3 Bxf3 18. Bxf3 Ne6 19. Nh2 h6 20. h4 Qc7 21. Qe2 a6 22. Bg4
Rcd8 23. f4 h5 24. Bh3 Qd7 25. f5 gxf5 26. Qxh5 Rh8 27. Qxf5 Rdg8 28. Rf1 Ncd8
29. Nf3 Kf8 30. Kh2 Qc7 31. Rae1 Ng7 32. Qe4 Nge6 33. Rf2 Ke8 34. b4 cxb4 35.
Nxd4 Qc5 36. Bxe6 Nxe6 37. Qc6+ Qxc6 38. Nxc6 Nc5 39. Re3 a5 40. d4 Ne6 41. d5
Nc5 42. Kh3 Rg6 43. g4 Na4 44. a3 Nc3 45. Rg2 Nd1 46. Re1 Nc3 47. axb4 axb4 48.
Nxb4 f6 49. Rc2 f5 50. gxf5 Rgh6 51. Rxc3 Rxh4+ 52. Kg2 Rh2+ 53. Kf1 Rb2 54. Nc2
Rh2 55. Re2 Rb1+ 56. Ne1 Rh1+ 57. Kf2 Rh2+ 58. Ng2 Rhh1 59. Ne3 Rh2+ 60. Kf3
Rh3+ 61. Ke4 Rh4+ 62. Kd3 Rh3 63. Ra3 Rd1+ 64. Kc2 Rd4 65. d6 exd6 66. Ra8+ Kd7
67. e6+ Ke7 68. Nd5+ 1-0

[Event "47th Sparkassen Open"]
[Site "Dortmund GER"]
[Date "2019.07.13"]
[Round "1.22"]
[White "Farokhi, Keyvan"]
[Black "Baerwolf, Steven"]
[Result "1/2-1/2"]
[WhiteElo "1946"]
[BlackElo "2176"]
[WhiteFideId "12998630"]
[BlackFideId "24658634"]
[EventDate "2019.07.13"]

1. e4 c5 2. Nf3 d6 3. d4 cxd4 4. Nxd4 Nf6 5. Nc3 g6 6. Be2 Bg7 7. Be3 O-O 8. O-O
Nc6 9. Qd2 Ng4 10. Bxg4 Bxg4 11. Nxc6 bxc6 12. f3 Be6 13. Bd4 Bxd4+ 14. Qxd4 Qb6
15. Qxb6 axb6 16. a4 d5 17. exd5 cxd5 18. Rfd1 Rfc8 19. Kf2 h5 20. Rd2 Rc5 21.
Ne2 b5 22. a5 b4 23. a6 Rc6 24. a7 Rc7 25. Rd4 Raxa7 26. Rxa7 Rxa7 27. Rxb4 Rc7
28. c3 Bc8 29. Ke3 e5 30. f4 f6 31. fxe5 fxe5 32. Rb5 Be6 33. b4 Kf7 34. Rb8 Ke7
35. Kd2 Kd6 36. Nc1 d4 37. cxd4 exd4 38. Nd3 Ra7 39. Rb6+ Ke7 40. Nf4 Bf5 41.
Nxg6+ Kf7 42. Ne5+ Kg7 43. Rd6 Ra2+ 44. Ke1 Rxg2 45. h4 d3 46. Nxd3 Rg4 47. b5
Bxd3 48. Rxd3 Rb4 49. Rd5 Rxh4 50. Kf2 1/2-1/2

[Event "47th Sparkassen Open"]
[Site "Dortmund GER"]
[Date "2019.07.13"]
[Round "1.23"]
[White "Boehm, Juergen2"]
[Black "Ball, Joerg"]
[Result "1-0"]
[WhiteElo "2175"]
[BlackElo "1961"]
[WhiteFideId "4606434"]
[BlackFideId "4685172"]
[EventDate "2019.07.13"]

1. d4 f5 2. Nf3 Nf6 3. h3 d5 4. c4 e6 5. Nc3 c6 6. g4 Ne4 7. gxf5 exf5 8. cxd5
Nxc3 9. bxc3 Qxd5 10. Qb3 Qxb3 11. axb3 Be7 12. Ba3 Bxa3 13. Rxa3 O-O 14. Ne5
Nd7 15. Nc4 Rf6 16. Bg2 a6 17. O-O b5 18. Na5 Nb8 19. c4 Ra7 20. Rc1 Bd7 21. b4
Kf8 22. Rac3 Ke7 23. f4 Rd6 24. d5 cxd5 25. cxd5 Rb6 26. Rc7 Rxc7 27. Rxc7 Kd6
28. Ra7 g6 29. Kf2 h5 30. Ke3 Be8 31. Kd4 Nd7 32. Nb7+ Ke7 33. Nc5 Kd6 34. Nxa6
Nf6 35. Nc5 Bd7 36. Nb7+ Kc7 37. Kc5 1-0

[Event "47th Sparkassen Open"]
[Site "Dortmund GER"]
[Date "2019.07.13"]
[Round "1.24"]
[White "Winterberg, Andreas"]
[Black "Andersen, Gunnar"]
[Result "0-1"]
[WhiteElo "1956"]
[BlackElo "2166"]
[WhiteFideId "16210433"]
[BlackFideId "30920795"]
[EventDate "2019.07.13"]

1. e4 g6 2. d4 Bg7 3. Nc3 d5 4. exd5 Nf6 5. Bc4 O-O 6. Nf3 Nbd7 7. O-O Nb6 8.
Bb3 Nbxd5 9. Nxd5 Nxd5 10. Re1 Bg4 11. h3 Bxf3 12. Qxf3 e6 13. c3 c6 14. a4 a5
15. Bc2 Rc8 16. Rb1 b5 17. axb5 cxb5 18. Be4 Qd7 19. Ra1 a4 20. Bf4 Nxf4 21.
Qxf4 b4 22. Qf3 a3 23. bxa3 Rxc3 24. Re3 Bxd4 25. Rxc3 bxc3 26. Rb1 Bg7 27. Bc2
Qd2 28. Qd3 Rd8 29. Qxd2 Rxd2 30. Rc1 Bd4 31. a4 Rxf2 32. Kh2 Be3 0-1